| 000 | 00394nam a2200133Ia 4500 | ||
|---|---|---|---|
| 008 | 210210b1998 xxu||||| |||| 00| 0 eng d | ||
| 082 | _a025.04 SATM | ||
| 100 | _aSATYANARAYANA (B) and others, Eds. | ||
| 245 | _aMultimedia: its applications in library & information science. | ||
| 260 |
_aChennai _bT R Publications _c1998 |
||
| 300 | _axvi,267 | ||
| 690 | _aLibrary Science | ||
| 906 | _a054047 | ||
| 999 |
_c102058 _d102058 |
||